Onde andará Dulce Veiga? : um romance B /
محفوظ في:
| المؤلف الرئيسي: | |
|---|---|
| التنسيق: | غير معروف |
| اللغة: | Portuguese |
| منشور في: |
Sao Paulo :
Companhia das Letras,
c1990.
|
| الموضوعات: | |
| الوسوم: |
إضافة وسم
لا توجد وسوم, كن أول من يضع وسما على هذه التسجيلة!
|
MARC
| LEADER | 000000000a22000000004500 | ||
|---|---|---|---|
| 001 | 004495 | ||
| 020 | |a 8571641293 | ||
| 041 | 0 | |a por | |
| 082 | 0 | 4 | |a Br869.3 |b A162o |
| 100 | 1 | |a Abreu, Caio Fernando, |d 1948-1996 | |
| 245 | 1 | 0 | |a Onde andará Dulce Veiga? : |b um romance B / |c Caio Fernando Abreu. |
| 260 | 1 | |a Sao Paulo : |b Companhia das Letras, |c c1990. | |
| 300 | |a 213 páginas | ||
| 500 | |a Colección George Yúdice | ||
| 650 | 4 | |a LITERATURA BRASILEÑA | |
| 650 | 4 | |a NOVELA | |
| 999 | |c 10652 |d 10652 | ||
| 942 | |c BK |h Br869.3 A162o |2 z | ||



